000 00223 a2200085 4500
020 _a9783791393100
100 _aPAUL TULET
245 _aBRUTALIST JAPAN: A PHOTOGRAPHIC TOUR OF POST-WAR JAPANESE ARCHITECTURE
260 _bPRESTEL
999 _c13059
_d13059